Gandhi: (Record no. 64729)
[ view plain ]
| 000 -LEADER | |
|---|---|
| fixed length control field | 00887cam a22002531 4500 |
| 001 - CONTROL NUMBER | |
| control field | sa 65006580 |
| 003 - CONTROL NUMBER IDENTIFIER | |
| control field | DLC |
| 005 - DATE AND TIME OF LATEST TRANSACTION | |
| control field | 20260227112143.0 |
| 008 - FIXED-LENGTH DATA ELEMENTS--GENERAL INFORMATION | |
| fixed length control field | 721211s1964 xx 000 0 eng |
| 010 ## - LIBRARY OF CONGRESS CONTROL NUMBER | |
| LC control number | sa 65006580 |
| 035 ## - SYSTEM CONTROL NUMBER | |
| System control number | (OCoLC)511872 |
| 040 ## - CATALOGING SOURCE | |
| Original cataloging agency | DLC |
| Transcribing agency | OAU |
| Modifying agency | OCoLC |
| -- | DLC |
| 042 ## - AUTHENTICATION CODE | |
| Authentication code | premarc |
| 050 00 - LIBRARY OF CONGRESS CALL NUMBER | |
| Classification number | DS481.G3 |
| Item number | R29 1964 |
| 100 1# - MAIN ENTRY--PERSONAL NAME | |
| Personal name | Ramachandran, G., |
| Relator term | ed. |
| 245 10 - TITLE STATEMENT | |
| Title | Gandhi: |
| Remainder of title | his relevance for our times. |
| Statement of responsibility, etc. | Editors: G. Ramachandran [and] T. K. Mahadevan. |
| 250 ## - EDITION STATEMENT | |
| Edition statement | [1st ed. |
| 260 ## - PUBLICATION, DISTRIBUTION, ETC. | |
| Place of publication, distribution, etc. | Bombay, |
| Name of publisher, distributor, etc. | Bharatiya Vidya Bhavan, |
| Date of publication, distribution, etc. | 1964] |
| 300 ## - PHYSICAL DESCRIPTION | |
| Extent | 355 p. |
| Other physical details | ports. |
| Dimensions | 23 cm. |
| 500 ## - GENERAL NOTE | |
| General note | "Contemporary studies in Gandhian themes presented to Sri R. R. Diwakar on his seventieth birthday by the workers of the Gandhi Smarak Nidhi." |
| 504 ## - BIBLIOGRAPHY, ETC. NOTE | |
| Bibliography, etc. note | Includes bibliographies. |
| 600 10 - SUBJECT ADDED ENTRY--PERSONAL NAME | |
| Personal name | Gandhi, |
| Titles and other words associated with a name | Mahatma, |
| Dates associated with a name | 1869-1948. |
| 700 1# - ADDED ENTRY--PERSONAL NAME | |
| Personal name | Mahadevan, T. K., |
| Relator term | joint ed. |
No items available.